| 000 | 01997nam a2200397 a 4500 | ||
|---|---|---|---|
| 001 | ebr10517012 | ||
| 003 | CaPaEBR | ||
| 006 | m u | ||
| 007 | cr cn||||||||| | ||
| 008 | 090630s2009 nyu sb 001 0 eng d | ||
| 010 | _z 2009025894 | ||
| 020 | _z1433107074 (hardcover alk. paper) | ||
| 020 | _z9781433107078 | ||
| 020 | _z9781453904602 (e-book) | ||
| 040 |
_aCaPaEBR _cCaPaEBR |
||
| 035 | _a(OCoLC)774287475 | ||
| 043 | _ae-fr--- | ||
| 050 | 1 | 4 |
_aPN1993.5.F7 _bW35 2009eb |
| 082 | 0 | 4 |
_a791.43/63526640944 _222 |
| 100 | 1 | _aWaldron, Darren. | |
| 245 | 1 | 0 |
_aQueering contemporary French popular cinema _h[electronic resource] : _bimages and their reception / _cDarren Waldron. |
| 260 |
_aNew York : _bPeter Lang, _cc2009. |
||
| 300 | _a305 p. | ||
| 490 | 1 |
_aFraming film, _x1524-7821 ; _vv. 9 |
|
| 504 | _aIncludes bibliographical references and index. | ||
| 505 | 0 | _aQueerness, French film and the audience -- Queering the French sexual subject -- Queering contemporary French "popular" cinema : images of resistance and compliance -- Out of the films and into the audience -- Sexuality and beyond : subcultural affiliations, normative identifications and aesthetic contemplation -- Childhood and gender, sexuality and ethnicity : negotiating sameness and difference, past and present -- Queer and beyond : images of identity and desire. | |
| 533 |
_aElectronic reproduction. _bPalo Alto, Calif. : _cebrary, _d2013. _nAvailable via World Wide Web. _nAccess may be limited to ebrary affiliated libraries. |
||
| 650 | 0 |
_aMotion pictures _zFrance _xHistory _y20th century. |
|
| 650 | 0 |
_aMotion picture audiences _zFrance. |
|
| 650 | 0 |
_aHomosexuality and motion pictures _zFrance. |
|
| 650 | 0 | _aHomosexuality in motion pictures. | |
| 655 | 7 |
_aElectronic books. _2local |
|
| 710 | 2 | _aebrary, Inc. | |
| 830 | 0 |
_aFraming film ; _vv. 9. |
|
| 856 | 4 | 0 |
_uhttp://site.ebrary.com/lib/rucke/Doc?id=10517012 _zAn electronic book accessible through the World Wide Web; click to view |
| 999 |
_c121773 _d121773 |
||